Sun and moon / (Record no. 3365)

MARC details
000 -LEADER
fixed length control field 01079nam a22003017a 4500
001 - CONTROL NUMBER
control field 3365
003 - CONTROL NUMBER IDENTIFIER
control field FISKH
005 - DATE AND TIME OF LATEST TRANSACTION
control field 20240229113706.0
008 - FIXED-LENGTH DATA ELEMENTS--GENERAL INFORMATION
fixed length control field 240229b cb ||||| |||| 00| 0 eng d
020 ## - INTERNATIONAL STANDARD BOOK NUMBER
International Standard Book Number 9780590444903
040 ## - CATALOGING SOURCE
Original cataloging agency FISKH
Language of cataloging eng
Transcribing agency FISKH
Modifying agency FISKH
050 ## - LIBRARY OF CONGRESS CALL NUMBER
Classification number PZ7
082 ## - DEWEY DECIMAL CLASSIFICATION NUMBER
Classification number 833.914
100 ## - MAIN ENTRY--PERSONAL NAME
Personal name Pfister, Marcus
245 ## - TITLE STATEMENT
Title Sun and moon /
Statement of responsibility, etc. by Marcus Pfister
250 ## - EDITION STATEMENT
Edition statement First Scholastic printing, March 1991
260 ## - PUBLICATION, DISTRIBUTION, ETC.
Place of publication, distribution, etc. New York :
Name of publisher, distributor, etc. Scholastic,
Date of publication, distribution, etc. 1990
300 ## - PHYSICAL DESCRIPTION
Extent 30 unnumbered pages :
Other physical details color illustrations ;
Dimensions 29 cm .
505 ## - FORMATTED CONTENTS NOTE
Formatted contents note N <br/>
520 ## - SUMMARY, ETC.
Summary, etc. The creator of Rainbow Fish offers a fanciful explanation of eclipses in this simple story of the friendship of the sun and the moon, illustrated in vivid colors and bold shapes and patterns. An eye-catching and entertaining book, now available in a Spanish language edition.
521 8# - TARGET AUDIENCE NOTE
Target audience note 580 <br/>
Source Lexile <br/>
521 8# - TARGET AUDIENCE NOTE
Target audience note N <br/>
Source Raz-Plus <br/>
600 ## - SUBJECT ADDED ENTRY--PERSONAL NAME
Source of heading or term sun
Form subdivision Fiction
650 ## - SUBJECT ADDED ENTRY--TOPICAL TERM
Topical term or geographic name entry element moon
Form subdivision Fiction
700 ## - ADDED ENTRY--PERSONAL NAME
Personal name Lanning, Rosemary
Relator term transltor
942 ## - ADDED ENTRY ELEMENTS (KOHA)
Source of classification or shelving scheme Dewey Decimal Classification
Koha item type Books
Suppress in OPAC No
Holdings
Withdrawn status Lost status Source of classification or shelving scheme Damaged status Not for loan Collection Home library Current library Shelving location Date acquired Total Checkouts Full call number Barcode Date last seen Price effective from Koha item type
    Library of Congress Classification     Fiction Footprints International School Library Network Toul Kork Campus Footprints International School Library Network Toul Kork Campus   02/29/2024   PFI 833.914 PZ7 FISBK06184 02/29/2024 02/29/2024 Books